000 00319nam a2200121Ia 4500
008 231129s1998||||xx |||||||||||||| ||spa||
082 _aER- 343
100 _aHernández Hurtado Ernesto
245 0 _aPaisajes y recuerdos
260 _c1998
264 _aPereira: Fondo Editorial de Risaralda 1998
942 _2ddc
_cBKS
999 _c22312
_d22312